4 à la suite - Univers post-apocalyptique au cinéma - Statistiques

Statistiques générales
  • Ce quiz a été pris 142 fois
  • Le résultat moyen est 5 sur 12
Statistiques - réponses
Réponse % Correct
Mad Max
100%
Je suis une légende
71%
Sans un bruit
65%
Snowpiercer (Le Transperceneige)
58%
28 jours plus tard
46%
L’armée des douze singes
42%
La Route (The Road)
38%
Delicatessen
29%
Problemos
26%
Love and monsters
25%
Mortal Engines
17%
In My Room
5%
Aucun quiz correspondant
Distribution des résultats
% des personnes avec chaque résultat
Percentile par nombre de réponses
Votre historique - résultats
Vous n’avez pas pris ce quiz